| 000 | 00701cam a22002411 4500 | ||
|---|---|---|---|
| 001 | 5593 | ||
| 003 | BD-RjUL | ||
| 005 | 20211208234107.0 | ||
| 008 | 131226s1961 nyu b 001 0 eng d | ||
| 035 | _a(BD-RjUL)5632 | ||
| 035 | _a(OCoLC)265620 | ||
| 040 |
_aDLC _cODaWU _dOCoLC _dDLC _beng |
||
| 041 | _aeng | ||
| 082 | 0 | 0 |
_a352.073 _bURB |
| 245 | 1 | 0 |
_aUrban government : _ba readar in politics and administration / _cEd by Banfield, Edward C., |
| 260 |
_a[New York] _bFree Press of Glencoe _c[1961] |
||
| 300 |
_a593 p. ; _c24 cm. |
||
| 504 | _aIncludes bibliography. | ||
| 650 | 0 |
_aMunicipal government _zUnited States. _917551 |
|
| 942 |
_2ddc _cBK |
||
| 999 |
_c5593 _d5593 |
||